000 00300nam a22001337a 4500
008 181204b xxu||||| |||| 00| 0 eng d
020 _a9783822865255
041 _aeng
080 _a710
100 _a45
101 _aART
245 _aPainting Of The Gothics Era
_cMaartini.S
942 _2udc
_cBK
999 _c52771
_d52771